載入...

New strategy in Indian Agriculture

書目詳細資料
主要作者: Subrahamaniam, C
格式: Printed Book
語言:Undetermined
English
出版: New Delhi Vikas publishing house Pvt Ltd 1979
主題:
LEADER 00580nam a2200169Ia 4500
008 140306s9999 xx 000 0 und d
041 |a eng 
082 |a 338.1  |b SUB/NE 
100 |a Subrahamaniam, C 
245 |a New strategy in Indian Agriculture 
260 |a New Delhi  |b Vikas publishing house Pvt Ltd  |c 1979 
300 |a 91 
650 |a Agricultural economics 
650 |a Agricultural policies 
942 |2 ddc  |c BK 
999 |c 107558  |d 107558 
952 |0 0  |1 0  |2 ddc  |4 0  |6 338_100000000000000_SUBNE  |7 0  |9 104792  |a KAUHCV  |b KAUHCV  |d 2004-03-19  |o 338.1 SUB/NE  |p KAU_HCV-12404  |r 2014-03-22  |w 2014-03-22  |y BK